Hollywood Haven : homes and haunts of the European émigrés and exiles in Los Angeles /

Saved in:
நூற்பட்டியல் விவரங்கள்
தலைமை எழுத்தாளர்: Schnauber, Cornelius.
வடிவம்: புத்தகம்
மொழி:English
German
வெளியீடப்பட்டது: Riverside, Calif. : Ariadne Press, c1997.
தொகுதி:Studies in Austrian literature, culture, and thought. Translation series.
பகுதிகள்:
குறியீடுகள்: குறிச்சொல் இணை
குறியீடுகள் இல்லை, இந்த குறிச்சொல்லை முதலில் பதிவு செய்யுங்கள்!
LEADER 01478pam a2200337 a 4500
001 007561582-7
005 20020606104010.5
008 961216s1997 cauab b 000 0 eng
010 |a  96040457  
020 |a 1572410426 
035 0 |a ocm36135795 
040 |a DLC  |c DLC  |d DLC 
041 1 |a eng  |h ger 
050 0 0 |a F867.L89  |b J5813 1997 
082 0 0 |a 979.4/94  |2 21 
100 1 |a Schnauber, Cornelius. 
240 1 0 |a Spaziergänge durch das Hollywood der Emigranten.  |l English 
245 1 0 |a Hollywood Haven :  |b homes and haunts of the European émigrés and exiles in Los Angeles /  |c Cornelius Schnauber ; translated by Barbara Zeisl Schoenberg. 
260 |a Riverside, Calif. :  |b Ariadne Press,  |c c1997. 
300 |a 168 p. :  |b ill., maps ;  |c 22 cm. 
490 1 |a Studies in Austrian literature, culture, and thought. Translation series 
504 |a Includes bibliographical references (p. 161-164) and index. 
650 0 |a Political refugees  |x Homes and haunts  |z California  |z Los Angeles  |x Guidebooks. 
650 0 |a Jews, German  |x Homes and haunts  |z California  |z Los Angeles. 
650 0 |a Jews, Austrian  |x Homes and haunts  |z California  |z Los Angeles. 
650 0 |a Political refugees  |z California  |z Los Angeles. 
651 0 |a Hollywood (Los Angeles, Calif.)  |x Guidebooks. 
651 0 |a Hollywood (Los Angeles, Calif.)  |x Buildings, structures, etc.  |x Guidebooks. 
830 0 |a Studies in Austrian literature, culture, and thought.  |p Translation series. 
988 |a 20020608 
906 |0 DLC